[Event "LSS RN-2009-0-00197"]
[Site "LSS email"]
[Date "2009.03.13"]
[Round "?"]
[White "Schubert, Maik"]
[Black "Zukan, Jakob"]
[Result "0-1"]
[WhiteElo "800"]
[BlackElo "1088"]
[PlyCount "24"]
[EventDate "2009.02.28"]
[EventType "tourn (corr)"]
[EventRounds "6"]
[EventCountry "GER"]
[SourceTitle "Corr 2015"]
[Source "ChessBase"]
[SourceDate "2015.07.17"]
[SourceVersion "1"]
[SourceVersionDate "2015.07.17"]
[SourceQuality "1"]

1. e4 b6 2. d4 Bb7 3. Bd3 Nf6 4. Nc3 e6 5. Nf3 Bb4 6. 0-0 Bxc3 7. bxc3 Bxe4 8. Bg5 Bxd3 9. Qxd3 h6 10. Bxf6 Qxf6 11. Rab1 0-0 12. Rfe1 d6 0-1